000 00604nam a2200229Ia 4500
003 OSt
005 20220928104343.0
006 a|||||r|||| 00| 0
007 ta
008 220927b |||||||| |||| 00| 0 eng d
024 _a39644
037 _cTextual
040 _aSDCL
_cSDCL
_beng
041 _2eng
_aeng
082 _aV21'F, L8
100 _aSastri K A Nilakanta
_9410089
245 0 _aSouth India and South-East Asia
260 _aMysore
_bGeetha Book House
_c1978
300 _a279p
_ccm.
942 _hV21'F, L8
_cTEXL
_2CC
999 _c725669
_d725669